| 000 | 00679nam a22001937a 4500 | ||
|---|---|---|---|
| 999 |
_c12236 _d12236 |
||
| 003 | AR-CdUCM | ||
| 008 | 190408b ||||| |||| 00| 0 spa d | ||
| 040 |
_aMUNICIPALIDAD PROVINCIAL DEL CUSCO _cBIBLIOTECA MUNICIPAL DEL CUSCO |
||
| 082 |
_aEP / 372.268 / _bD78 |
||
| 110 |
_aOficina Diocesana de Educación Católica _929992 |
||
| 245 |
_aDios Padre tiene un Plan de Amor y Salvación : _bI ciclo, segundo grado / |
||
| 260 |
_aLima : _bNavarrete ; |
||
| 300 |
_a88 páginas ; _bIlustraciones _c29cm |
||
| 505 | _aContenido: Asignatura de Religión | ||
| 650 |
_aReligión _91195 |
||
| 650 |
_aEducación primaria _91561 |
||
| 942 |
_2ddc _cLIBROS |
||
| 945 |
_anom _d2019-04-08 |
||